000
00265nam a22001097a 4500
008
170123b xxu||||| |||| 00| 0 eng d
020
_a
9780131124875
041
_a
eng
080
_2
7TH
_a
618.2
245
_a
PREHOSPITAL EMERGENCY CARE
_c
MISTOVICH,J.J
942
_2
udc
_c
BK
999
_c
3385
_d
3385